[Event "10. Lovsprings EMT Mesterklassen 1998"]
[Site "Ringsted"]
[Date "1998.04.17"]
[Round "4"]
[White "Jensen, Leif"]
[Black "Jorgensen, Michael"]
[Result "0-1"]
[WhiteElo "2049"]
[BlackElo "2253"]
[PlyCount "70"]
[EventDate "1998.??.??"]

1. e4 e6 2. d4 d5 3. Nd2 Nf6 4. e5 Nfd7 5. c3 c5 6. f4 Nc6 7. Ndf3 cxd4 8. cxd4
Qb6 9. g3 Be7 10. Kf2 f6 11. Kg2 O-O 12. Qb3 fxe5 13. Qxb6 Nxb6 14. dxe5 Bd7
15. Bd2 d4 16. Bd3 Na4 17. Rb1 Nc5 18. Bc4 a6 19. a3 b5 20. Ba2 a5 21. Ne2 d3
22. Ned4 b4 23. axb4 axb4 24. Bc4 Na5 25. b3 Nxc4 26. bxc4 Ra2 27. Kh3 Ne4 28.
Be3 Nc3 29. Ra1 Rfa8 30. Rxa2 Rxa2 31. Nd2 Bc5 32. N2b3 Bxd4 33. Bxd4 d2 34.
Bxc3 bxc3 35. Nd4 c2 0-1

[Event "10. Lovsprings EMT Mesterklassen 1998"]
[Site "Ringsted"]
[Date "1998.04.17"]
[Round "4"]
[White "Jorgensen, Brian"]
[Black "Nordenbaek, Jan"]
[Result "1-0"]
[WhiteElo "2137"]
[BlackElo "2237"]
[PlyCount "73"]
[EventDate "1998.??.??"]

1. d4 Nf6 2. c4 g6 3. Nc3 Bg7 4. e4 d6 5. f4 O-O 6. Nf3 c5 7. dxc5 Qa5 8. Bd3
Qxc5 9. Qe2 Nc6 10. Be3 Qa5 11. O-O Ng4 12. Bd2 Qb6+ 13. Kh1 Qxb2 14. Rab1 Qa3
15. Rb3 Qa5 16. h3 Nf6 17. Qf2 Qd8 18. Qh4 Nd7 19. Rbb1 e6 20. Qg3 Nc5 21. Bc2
f5 22. Rbd1 a6 23. Ng5 Qc7 24. exf5 gxf5 25. Be3 h6 26. Nf3 b6 27. Rfe1 Bb7 28.
Bxc5 bxc5 29. Rxe6 Qa5 30. Nd5 Qxa2 31. Rg6 Rf7 32. Bxf5 Nd8 33. Re1 Kf8 34.
Rxg7 Rxg7 35. Re8+ Kxe8 36. Qxg7 Bxd5 37. Bd7# 1-0

[Event "10. Lovsprings EMT Mesterklassen 1998"]
[Site "Ringsted"]
[Date "1998.04.17"]
[Round "4"]
[White "Kronow, Jacob"]
[Black "Eddy, Samuel"]
[Result "1-0"]
[WhiteElo "2044"]
[BlackElo "1935"]
[PlyCount "37"]
[EventDate "1998.??.??"]

1. d4 f5 2. e4 fxe4 3. Nc3 Nf6 4. Bg5 d5 5. Bxf6 exf6 6. Qh5+ g6 7. Qxd5 Bh6 8.
Qxe4+ Kf7 9. Bc4+ Kg7 10. Nge2 Re8 11. Qd5 Qe7 12. O-O Nc6 13. Qf3 Bf5 14. Qg3
Rad8 15. d5 Ne5 16. Nd4 Bc8 17. Bb3 f5 18. Ne6+ Bxe6 19. Qxe5+ 1-0

[Event "10. Lovsprings EMT Mesterklassen 1998"]
[Site "Ringsted"]
[Date "1998.04.17"]
[Round "4"]
[White "Madsen, Morten"]
[Black "Arnkilde, Anders"]
[Result "0-1"]
[WhiteElo "1976"]
[BlackElo "2059"]
[PlyCount "120"]
[EventDate "1998.??.??"]

1. e4 e6 2. d4 d5 3. e5 c5 4. c3 Nc6 5. Nf3 Qb6 6. Be2 Nge7 7. dxc5 Qc7 8. O-O
Ng6 9. b4 Bd7 10. Nd4 Ngxe5 11. Nb5 Qb8 12. f4 a6 13. N5a3 Ng6 14. f5 exf5 15.
Qxd5 Be6 16. Qd1 Nce5 17. Qa4+ Bd7 18. Qc2 Be7 19. Nc4 Nxc4 20. Bxc4 O-O 21.
Bd3 f4 22. Qd2 Bb5 23. Bxb5 axb5 24. Qe2 b6 25. c6 Bd6 26. Qxb5 f3 27. Rxf3
Bxh2+ 28. Kf1 Re8 29. Be3 Rxe3 30. Rxe3 Qf4+ 31. Ke2 Bg1 32. Rf3 Qc1 33. c7
Nf4+ 34. Rxf4 Qxf4 35. Qd7 Qc4+ 36. Kd1 Rf8 37. Nd2 Qa6 38. Kc2 Bh2 39. Kb3 Qb7
40. Re1 Bxc7 41. Nf3 Qb8 42. Ng5 Bg3 43. Qd3 g6 44. Rh1 Qe5 45. Ne4 Qe6+ 46.
Kb2 Ra8 47. a3 Bf4 48. Rf1 Be5 49. Rf3 Ra7 50. Rh3 Qg4 51. Qd8+ Kg7 52. Qd3
Qxg2+ 53. Kb3 Qg4 54. Qe3 Rc7 55. Qh6+ Kg8 56. Qxh7+ Kf8 57. Qh6+ Bg7 58. Qe3
Re7 59. Qxb6 Qxh3 60. Qd8+ Re8 0-1

[Event "10. Lovsprings EMT Mesterklassen 1998"]
[Site "Ringsted"]
[Date "1998.04.17"]
[Round "4"]
[White "Pedersen, Henrik Dahl"]
[Black "Preuss, Flemming"]
[Result "1/2-1/2"]
[WhiteElo "1937"]
[BlackElo "2062"]
[PlyCount "70"]
[EventDate "1998.??.??"]

1. d4 Nf6 2. Nf3 e6 3. g3 c5 4. Bg2 Nc6 5. O-O cxd4 6. Nxd4 Qc7 7. c4 a6 8. e4
d6 9. b3 Bd7 10. Nc2 b5 11. Qe2 Rb8 12. Ne3 Be7 13. Bb2 Na5 14. Nd2 Bc6 15.
Rac1 b4 16. f4 O-O 17. f5 Nb7 18. Nc2 Nc5 19. Nd4 Bb7 20. Kh1 Nfd7 21. fxe6
fxe6 22. Qg4 Ne5 23. Nxe6 Nxg4 24. Nxc7 Ne3 25. Rxf8+ Rxf8 26. Bd4 Nd3 27. Rb1
Nxg2 28. Kxg2 Bg5 29. Rd1 Bxd2 30. Rxd2 Bxe4+ 31. Kh3 a5 32. Nd5 Ne1 33. Be3 g5
34. Bd4 Nf3 35. Rd1 Bxd5 1/2-1/2

[Event "10. Lovsprings EMT Mesterklassen 1998"]
[Site "Ringsted"]
[Date "1998.04.24"]
[Round "5"]
[White "Arnkilde, Anders"]
[Black "Pedersen, Henrik Dahl"]
[Result "1-0"]
[WhiteElo "2059"]
[BlackElo "1937"]
[PlyCount "77"]
[EventDate "1998.??.??"]

1. d4 Nf6 2. c4 e6 3. Nc3 Bb4 4. Qc2 c5 5. dxc5 Bxc5 6. Nf3 d5 7. cxd5 exd5 8.
Bg5 O-O 9. Bxf6 Qxf6 10. Nxd5 Qc6 11. Rc1 Na6 12. e4 Re8 13. Bxa6 Qxd5 14. O-O
Qh5 15. Qxc5 Qxc5 16. Rxc5 bxa6 17. Rfc1 Bg4 18. h3 Bxf3 19. gxf3 g6 20. Rc6
Rab8 21. b3 Rb6 22. Rc7 Rd8 23. Rc8 Rxc8 24. Rxc8+ Kg7 25. Rc7 g5 26. Rxa7 h5
27. Kg2 Kg6 28. f4 gxf4 29. Kf3 f5 30. e5 h4 31. Rd7 Kg5 32. Rd6 Rb5 33. e6 a5
34. e7 Re5 35. Rd7 Re4 36. Ra7 Re5 37. a3 Re4 38. b4 Kf6 39. b5 1-0

[Event "10. Lovsprings EMT Mesterklassen 1998"]
[Site "Ringsted"]
[Date "1998.04.24"]
[Round "5"]
[White "Christensen, Lars (1957)"]
[Black "Krogh, Peter Ove"]
[Result "1-0"]
[WhiteElo "1990"]
[BlackElo "2019"]
[PlyCount "71"]
[EventDate "1998.??.??"]

1. e4 c5 2. c3 Nf6 3. e5 Nd5 4. Nf3 d6 5. Bc4 Nc7 6. Bxf7+ Kxf7 7. Ng5+ Kg8 8.
Qf3 Qe8 9. O-O Qg6 10. d4 h6 11. Ne4 Nc6 12. Bf4 Bg4 13. Qg3 Bf5 14. exd6 Bxe4
15. dxc7 Qxg3 16. Bxg3 cxd4 17. b4 Bxb1 18. Raxb1 dxc3 19. b5 Nd4 20. Rbd1 Ne2+
21. Kh1 Nxg3+ 22. fxg3 Rc8 23. Rd8 Rxc7 24. Rfxf8+ Kh7 25. Rxh8+ Kg6 26. Rc8
Rd7 27. h3 Rd3 28. Rhf8 e5 29. Kg1 e4 30. Kf2 Rd2+ 31. Ke3 Rxg2 32. Rxc3 Rxg3+
33. Kd4 Rg2 34. a4 Ra2 35. h4 e3 36. Re8 1-0

[Event "10. Lovsprings EMT Mesterklassen 1998"]
[Site "Ringsted"]
[Date "1998.04.24"]
[Round "5"]
[White "Eddy, Samuel"]
[Black "Haar, Bjarne"]
[Result "1-0"]
[WhiteElo "1935"]
[BlackElo "1931"]
[PlyCount "92"]
[EventDate "1998.??.??"]

1. e4 e6 2. d4 d5 3. Nc3 Nf6 4. Bg5 Bb4 5. e5 h6 6. Bd2 Nfd7 7. Qg4 g6 8. Bd3
c5 9. Bxg6 Nf8 10. Bh5 cxd4 11. Qxd4 Nc6 12. Qf4 Qc7 13. O-O-O a6 14. Nge2 Rh7
15. Kb1 Be7 16. Ng3 b5 17. Rhe1 b4 18. Na4 Bd7 19. Qe3 Qa5 20. b3 Rb8 21. Bc1
Nd8 22. Nb2 Rc8 23. Be2 Bc5 24. Qf3 Nc6 25. Bd3 Nd4 26. Qf6 Be7 27. Qf4 Qc5 28.
Be3 Bg5 29. Qxd4 Bxe3 30. Qxe3 Rg7 31. Qxc5 Rxc5 32. Bxa6 Ra5 33. Bf1 Bc6 34.
Nh5 Rg5 35. Nf6+ Kd8 36. Nc4 Ra7 37. Nd6 Rg7 38. g3 Ra8 39. Bb5 Bxb5 40. Nxb5
Rb8 41. Nd4 Kc7 42. Nb5+ Kc6 43. Nd6 Nd7 44. Nxd7 Kxd7 45. Ne4 Kc6 46. Nf6 Rg6
1-0

[Event "10. Lovsprings EMT Mesterklassen 1998"]
[Site "Ringsted"]
[Date "1998.04.24"]
[Round "5"]
[White "Foli, Karsten"]
[Black "Madsen, Morten"]
[Result "1/2-1/2"]
[WhiteElo "1932"]
[BlackElo "1976"]
[PlyCount "120"]
[EventDate "1998.??.??"]

1. e4 b6 2. d4 Bb7 3. Bd3 Nf6 4. Qe2 e6 5. c3 c5 6. Nf3 cxd4 7. cxd4 Bb4+ 8.
Nbd2 O-O 9. a3 Be7 10. O-O h6 11. Re1 d5 12. e5 Nh7 13. Nf1 Ng5 14. Nxg5 Bxg5
15. f4 Bh4 16. g3 Be7 17. Qg4 f5 18. exf6 Rxf6 19. Nd2 Nc6 20. Nf3 Bc8 21. Re5
Qf8 22. Be3 Nxe5 23. dxe5 Bc5 24. Nd4 h5 25. Qxh5 Rh6 26. Qf3 Bxd4 27. Bxd4 Qf7
28. g4 Bd7 29. g5 Rh4 30. Rf1 Rf8 31. Be3 g6 32. Qg3 Rh5 33. h4 Kg7 34. Be2
Rhh8 35. h5 gxh5 36. Bd3 h4 37. Qh3 Qe8 38. Bd4 Kg8 39. g6 Rh6 40. Qg4 Rf5 41.
Bxf5 exf5 42. Qf3 Rxg6+ 43. Kh2 Be6 44. Bf2 Rg4 45. Kh3 Qe7 46. Rc1 Kf7 47. Rc6
Qd7 48. Rd6 Qc8 49. b4 Qa6 50. Bxh4 Qc4 51. Bg3 Qe4 52. Qxe4 fxe4 53. Rxe6
Rxg3+ 54. Kxg3 Kxe6 55. Kf2 b5 56. Ke3 Kf5 57. Kd4 a6 58. Ke3 Ke6 59. Kd4 Kd7
60. Ke3 Ke6 1/2-1/2

[Event "10. Lovsprings EMT Mesterklassen 1998"]
[Site "Ringsted"]
[Date "1998.04.24"]
[Round "5"]
[White "Jensen, Leif"]
[Black "Jorgensen, Gert"]
[Result "1-0"]
[WhiteElo "2049"]
[BlackElo "2005"]
[PlyCount "71"]
[EventDate "1998.??.??"]

1. e4 d5 2. Nc3 d4 3. Nce2 e5 4. d3 Be6 5. f4 f6 6. f5 Bf7 7. g4 h5 8. Ng3 hxg4
9. Be2 Nh6 10. Bxh6 Rxh6 11. Bxg4 Bb4+ 12. Kf2 Nc6 13. Bh5 Qe7 14. Bxf7+ Qxf7
15. Nf3 O-O-O 16. a3 Bd6 17. h4 g6 18. Qd2 Rdh8 19. fxg6 Rxg6 20. Nf5 Ne7 21.
h5 Rg4 22. Nh6 Rxh6 23. Qxh6 f5 24. Ng5 Qe8 25. Rhg1 Rf4+ 26. Ke2 Qb5 27. Qe6+
Kb8 28. Qb3 Qc6 29. h6 fxe4 30. Nxe4 Nd5 31. h7 Rxe4+ 32. dxe4 Nc3+ 33. Qxc3
Qxe4+ 34. Kd1 dxc3 35. Rg8+ Bf8 36. Rxf8# 1-0

[Event "10. Lovsprings EMT Mesterklassen 1998"]
[Site "Ringsted"]
[Date "1998.04.24"]
[Round "5"]
[White "Jorgensen, Michael"]
[Black "Flindt, Thomas"]
[Result "1-0"]
[WhiteElo "2253"]
[BlackElo "1882"]
[PlyCount "61"]
[EventDate "1998.??.??"]

1. d4 c6 2. c4 d5 3. Nf3 Nf6 4. Nc3 g6 5. Bg5 Bg7 6. e3 O-O 7. Be2 Nbd7 8. O-O
dxc4 9. Bxc4 c5 10. Qe2 cxd4 11. exd4 Nb6 12. Bb3 Bg4 13. Rad1 Qd7 14. h3 Bxf3
15. Qxf3 Qf5 16. Qxf5 gxf5 17. d5 Rfd8 18. Rfe1 Rd7 19. Re5 Ne4 20. Rxf5 Nxc3
21. bxc3 Rc8 22. Re1 Kf8 23. Re4 Rxc3 24. d6 exd6 25. Be6 Rdc7 26. Bd8 Ke8 27.
Bxc7 Rc1+ 28. Kh2 Be5+ 29. Rexe5 fxe6 30. Rxe6+ Kd7 31. Rxd6+ 1-0

[Event "10. Lovsprings EMT Mesterklassen 1998"]
[Site "Ringsted"]
[Date "1998.04.24"]
[Round "5"]
[White "Nordenbaek, Jan"]
[Black "Kronow, Jacob"]
[Result "0-1"]
[WhiteElo "2237"]
[BlackElo "2044"]
[PlyCount "54"]
[EventDate "1998.??.??"]

1. e4 c5 2. Nf3 d6 3. d4 cxd4 4. Qxd4 Nc6 5. Bb5 Bd7 6. Bxc6 Bxc6 7. c4 Nf6 8.
Nc3 g6 9. O-O Bg7 10. h3 O-O 11. Qe3 Rc8 12. Rb1 Nd7 13. Bd2 Nc5 14. Nd4 Bxe4
15. Nxe4 Nxe4 16. Qxe4 Rxc4 17. Be3 e5 18. b3 d5 19. Qd3 Rc8 20. Ne2 d4 21. Bd2
f5 22. f3 Re8 23. Ng3 Qh4 24. Be1 Qe7 25. Qb5 a6 26. Qd5+ Kh8 27. a3 Rc5 0-1

[Event "10. Lovsprings EMT Mesterklassen 1998"]
[Site "Ringsted"]
[Date "1998.04.24"]
[Round "5"]
[White "Preuss, Flemming"]
[Black "Jorgensen, Brian"]
[Result "1/2-1/2"]
[WhiteElo "2062"]
[BlackElo "2137"]
[PlyCount "117"]
[EventDate "1998.??.??"]

1. e4 d5 2. exd5 Qxd5 3. Nc3 Qa5 4. Bc4 Nf6 5. Nf3 c6 6. O-O Bf5 7. Re1 Nbd7 8.
d3 e6 9. Qe2 Bg4 10. h3 Bxf3 11. Qxf3 Ne5 12. Qe2 Nxc4 13. dxc4 Bd6 14. Bd2 Qh5
15. Qxh5 Nxh5 16. Ne4 O-O-O 17. Nxd6+ Rxd6 18. Be3 a6 19. Rad1 Rhd8 20. Rxd6
Rxd6 21. Kf1 Nf6 22. Ke2 e5 23. Rd1 Rxd1 24. Kxd1 Kd7 25. Ke2 Ke6 26. f3 Nd7
27. g4 g6 28. b3 f5 29. Kd3 e4+ 30. Ke2 Nf6 31. g5 exf3+ 32. Kxf3 Nd7 33. Bd4
Ne5+ 34. Kf4 Nf7 35. h4 Nd6 36. a4 b5 37. cxb5 cxb5 38. axb5 axb5 39. Ke3 Kd5
40. Ba7 Nf7 41. Kf4 Nd8 42. Ke3 Ne6 43. Bb8 Nd4 44. Kd3 Nc6 45. c4+ Kc5 46. Bg3
bxc4+ 47. bxc4 Nd8 48. Bf2+ Kd6 49. Bg3+ Kc6 50. Kd4 Ne6+ 51. Ke5 Nc5 52. Kd4
Nd7 53. h5 gxh5 54. Ke3 Nc5 55. Kf4 Ne4 56. Be1 Nd6 57. Ke5 Nxc4+ 58. Kxf5 Kd5
59. g6 1/2-1/2

[Event "10. Lovsprings EMT Mesterklassen 1998"]
[Site "Ringsted"]
[Date "1998.05.15"]
[Round "6"]
[White "Eddy, Samuel"]
[Black "Christensen, Lars (1957)"]
[Result "1/2-1/2"]
[WhiteElo "1935"]
[BlackElo "1990"]
[PlyCount "117"]
[EventDate "1998.??.??"]

1. e4 c5 2. Nf3 d6 3. d4 cxd4 4. Nxd4 Nf6 5. Nc3 g6 6. Be3 Bg7 7. f3 O-O 8. Qd2
Re8 9. g4 Bd7 10. h4 h5 11. gxh5 Nxh5 12. O-O-O Nc6 13. Bc4 Kh7 14. Nxc6 bxc6
15. Rdg1 Rf8 16. Ne2 Rb8 17. c3 d5 18. exd5 cxd5 19. Bxd5 Bf5 20. Be4 Qa5 21.
Bxf5 Qxf5 22. Nd4 Qa5 23. Kb1 Rbd8 24. Rg5 Rd5 25. Nc6 Rxd2 26. Rxa5 Rd3 27.
Bd4 Ng3 28. Bxg7 Kxg7 29. Re1 Rxf3 30. Rxa7 Nf5 31. h5 g5 32. Nxe7 Nxe7 33.
Raxe7 Kh6 34. Rh1 Rf2 35. Rd7 Re8 36. Rd6+ f6 37. a4 g4 38. a5 g3 39. Rg1 g2
40. Rdd1 Ree2 41. b4 Kxh5 42. Rd5+ f5 43. a6 Rf1+ 44. Rd1 Ref2 45. a7 Rxd1+ 46.
Rxd1 Rf1 47. a8=Q Rxd1+ 48. Kc2 Rc1+ 49. Kxc1 g1=Q+ 50. Kc2 Qe3 51. Qd5 Qe2+
52. Kc1 Qe3+ 53. Qd2 Qb6 54. Qf4 Qg1+ 55. Kc2 Qg2+ 56. Qd2 Qe4+ 57. Qd3 Qg2+
58. Kb3 f4 59. Qf5+ 1/2-1/2

[Event "10. Lovsprings EMT Mesterklassen 1998"]
[Site "Ringsted"]
[Date "1998.05.15"]
[Round "6"]
[White "Haar, Bjarne"]
[Black "Foli, Karsten"]
[Result "1-0"]
[WhiteElo "1931"]
[BlackElo "1932"]
[PlyCount "65"]
[EventDate "1998.??.??"]

1. e4 c6 2. Nc3 d5 3. d4 dxe4 4. Nxe4 Nf6 5. Ng3 g6 6. Be2 Bg7 7. Be3 Nbd7 8.
Qd2 O-O 9. Rd1 Re8 10. h4 Nf8 11. h5 Ng4 12. hxg6 fxg6 13. Bc4+ Be6 14. Bd3
Nxe3 15. fxe3 Qc7 16. Ne4 Bd5 17. c4 Bxe4 18. Bxe4 Qg3+ 19. Qf2 Qxf2+ 20. Kxf2
Nd7 21. Nh3 e5 22. d5 Nc5 23. Bc2 cxd5 24. cxd5 e4 25. b4 Nd7 26. Ng5 Nf6 27.
Bb3 Rad8 28. d6+ Kf8 29. Ne6+ Rxe6 30. Bxe6 h5 31. Ke2 Bh6 32. Rhf1 Kg7 33. Rd4
1-0

[Event "10. Lovsprings EMT Mesterklassen 1998"]
[Site "Ringsted"]
[Date "1998.05.15"]
[Round "6"]
[White "Jorgensen, Michael"]
[Black "Arnkilde, Anders"]
[Result "1-0"]
[WhiteElo "2253"]
[BlackElo "2059"]
[PlyCount "63"]
[EventDate "1998.??.??"]

1. d4 d5 2. c4 e6 3. Nc3 Nf6 4. Bg5 Be7 5. Nf3 O-O 6. e3 Nbd7 7. Bd3 h6 8. Bh4
c6 9. O-O dxc4 10. Bxc4 Nd5 11. Bg3 N7f6 12. Qd3 b6 13. e4 Nb4 14. Qe2 b5 15.
Bb3 Bb7 16. a3 Na6 17. Rad1 b4 18. axb4 Nxb4 19. Bc4 Re8 20. Ne5 Bf8 21. Bh4
Be7 22. f4 Nxe4 23. Bxe7 Nxc3 24. bxc3 Qxe7 25. cxb4 Qxb4 26. Rb1 Qe7 27. f5
Bc8 28. Qf3 Qd6 29. Rbd1 Re7 30. f6 gxf6 31. Qxf6 Kf8 32. Qh8# 1-0

[Event "10. Lovsprings EMT Mesterklassen 1998"]
[Site "Ringsted"]
[Date "1998.05.15"]
[Round "6"]
[White "Kronow, Jacob"]
[Black "Jensen, Leif"]
[Result "0-1"]
[WhiteElo "2044"]
[BlackElo "2049"]
[PlyCount "130"]
[EventDate "1998.??.??"]

1. d4 d5 2. c4 c6 3. Nc3 Nf6 4. Bg5 e6 5. cxd5 exd5 6. e3 Be7 7. Bd3 Ne4 8.
Bxe7 Nxc3 9. bxc3 Qxe7 10. Qf3 Nd7 11. Ne2 Nf6 12. h3 O-O 13. O-O Rd8 14. Ng3
Ne8 15. Rfe1 Qf6 16. Qe2 Nd6 17. e4 dxe4 18. Nxe4 Nxe4 19. Qxe4 g6 20. Bc4 Kg7
21. Qe7 Rd7 22. Qxf6+ Kxf6 23. Re8 Re7 24. Rxe7 Kxe7 25. Re1+ Be6 26. Bxe6 fxe6
27. Re4 Rf8 28. f3 Rf5 29. Re2 c5 30. Rb2 b6 31. dxc5 Rxc5 32. Rb3 Kd6 33. Kf2
Ra5 34. Rb2 Kc5 35. Ke3 Kc4 36. Kd2 Ra4 37. g3 Ra5 38. Rb4+ Kc5 39. a4 Kc6 40.
Re4 Kd6 41. Kd3 b5 42. axb5 Rxb5 43. Rh4 h5 44. Rc4 a5 45. h4 Rd5+ 46. Ke3 Rc5
47. Rd4+ Kc6 48. c4 a4 49. Kd3 Rf5 50. f4 e5 51. Re4 exf4 52. gxf4 Kd7 53. Kc3
a3 54. Kb3 Ra5 55. Ka2 Ra4 56. Ka1 a2 57. Re5 Rxc4 58. Rg5 Rxf4 59. Rxg6 Rxh4
60. Kxa2 Ke7 61. Kb3 Rh1 62. Kc3 h4 63. Kd2 h3 64. Rh6 h2 65. Ke2 Ra1 0-1

[Event "10. Lovsprings EMT Mesterklassen 1998"]
[Site "Ringsted"]
[Date "1998.05.15"]
[Round "6"]
[White "Madsen, Morten"]
[Black "Krogh, Peter Ove"]
[Result "0-1"]
[WhiteElo "1976"]
[BlackElo "2019"]
[PlyCount "108"]
[EventDate "1998.??.??"]

1. e4 c5 2. c3 Nf6 3. e5 Nd5 4. d4 cxd4 5. cxd4 d6 6. f4 Nc6 7. Nf3 Bg4 8. Bc4
dxe5 9. dxe5 e6 10. Bxd5 exd5 11. O-O Bc5+ 12. Kh1 O-O 13. Qc2 b6 14. Ng5 g6
15. Qa4 Rc8 16. Nc3 Bf5 17. Qd1 h6 18. g4 Be6 19. Nxe6 fxe6 20. Qd3 Kg7 21. Na4
Be7 22. a3 d4 23. b4 Qd5+ 24. Kg1 b5 25. Nb2 g5 26. Bd2 gxf4 27. Bxf4 Bg5 28.
Bxg5 hxg5 29. Qd2 Qxe5 30. Rae1 Rxf1+ 31. Rxf1 Qe3+ 32. Qxe3 dxe3 33. Rc1 Ne7
34. Rxc8 Nxc8 35. Nd3 Nd6 36. Ne5 Ne4 37. Kf1 Kf6 38. Nc6 a6 39. Ke2 Nf2 40.
Kxe3 Nxg4+ 41. Ke2 Nxh2 42. Nb8 g4 43. Nxa6 Nf3 44. Kf2 Nd4 45. Nc5 Nc2 46.
Ne4+ Ke5 47. Nc3 Nxa3 48. Kg3 Kf5 49. Nd1 Nc2 50. Nc3 Nd4 51. Nd1 Nc2 52. Nc3
Nd4 53. Nd1 Kg5 54. Ne3 Nf5+ 0-1

[Event "10. Lovsprings EMT Mesterklassen 1998"]
[Site "Ringsted"]
[Date "1998.05.15"]
[Round "6"]
[White "Nordenbaek, Jan"]
[Black "Flindt, Thomas"]
[Result "1/2-1/2"]
[WhiteElo "2237"]
[BlackElo "1882"]
[PlyCount "87"]
[EventDate "1998.??.??"]

1. e4 c6 2. d4 d5 3. e5 Bf5 4. Nf3 e6 5. Be2 c5 6. Be3 Qb6 7. Nc3 Qxb2 8. Nb5
Na6 9. dxc5 Bxc2 10. Qc1 Qb4+ 11. Nd2 Bg6 12. c6 b6 13. c7 Kd7 14. Nxa7 Nc5 15.
a3 Qa5 16. c8=Q+ Rxc8 17. Nxc8 Kxc8 18. O-O Kd7 19. Qb2 Ne7 20. Bxc5 bxc5 21.
Qb7+ Qc7 22. Bb5+ Kd8 23. Qa8+ Qc8 24. Qa4 Qc7 25. Rac1 Nc8 26. Nb3 Na7 27. Na5
f6 28. f4 c4 29. Kh1 Qb6 30. Nc6+ Nxc6 31. Bxc6 Kc7 32. Bd7 Bc5 33. exf6 gxf6
34. Rfe1 Be4 35. Be8 Rg8 36. Re2 Be3 37. Rce1 Bf2 38. Qd7+ Kb8 39. Rxf2 Qxf2
40. Qd6+ Ka7 41. Qc7+ Ka6 42. Qc6+ Ka7 43. Qa4+ Kb8 44. Qb5+ 1/2-1/2

[Event "10. Lovsprings EMT Mesterklassen 1998"]
[Site "Ringsted"]
[Date "1998.05.15"]
[Round "6"]
[White "Pedersen, Henrik Dahl"]
[Black "Jorgensen, Brian"]
[Result "1/2-1/2"]
[WhiteElo "1937"]
[BlackElo "2137"]
[PlyCount "108"]
[EventDate "1998.??.??"]

1. c4 Nf6 2. Nc3 g6 3. g3 Bg7 4. Bg2 O-O 5. d4 c5 6. Nf3 d5 7. cxd5 Nxd5 8. O-O
Nxc3 9. bxc3 Nc6 10. Be3 cxd4 11. Nxd4 Na5 12. Rb1 Rb8 13. Qa4 Bd7 14. Qb4 b6
15. Rfd1 Qe8 16. c4 Rc8 17. Rbc1 Bxd4 18. Bxd4 Nc6 19. Bxc6 Bxc6 20. Be3 f6 21.
Rd2 Qf7 22. a4 Qe6 23. c5 a5 24. Qc4 Qxc4 25. Rxc4 b5 26. axb5 Bxb5 27. Rc3 Bc6
28. Rb2 Rfd8 29. Rd3 Rxd3 30. exd3 a4 31. Rb6 Kf7 32. Kf1 Ke6 33. Bc1 Kd5 34.
Ba3 h5 35. Ke2 h4 36. gxh4 Rh8 37. Rb4 e5 38. Rg4 Be8 39. c6 Bxc6 40. Rxg6 Ke6
41. Rg4 Rd8 42. Rb4 f5 43. Bb2 Ra8 44. Rb6 Kd5 45. Bxe5 Kxe5 46. Rxc6 a3 47.
Rc1 a2 48. Ra1 Kd4 49. Kd2 Ra3 50. Kc2 Rc3+ 51. Kb2 Rxd3 52. Rxa2 Rh3 53. Kc2
Rxh2 54. Kd1 Kd5 1/2-1/2

[Event "10. Lovsprings EMT Mesterklassen 1998"]
[Site "Ringsted"]
[Date "1998.05.15"]
[Round "6"]
[White "Preuss, Flemming"]
[Black "Jorgensen, Gert"]
[Result "1/2-1/2"]
[WhiteElo "2062"]
[BlackElo "2005"]
[PlyCount "150"]
[EventDate "1998.??.??"]

1. e4 d5 2. exd5 Nf6 3. c4 c6 4. d4 cxd5 5. Nc3 e6 6. Nf3 Nc6 7. cxd5 Nxd5 8.
Bd3 Be7 9. O-O O-O 10. Re1 Bf6 11. Be4 Nb6 12. Be3 Nc4 13. Bxh7+ Kh8 14. Be4
Nxe3 15. Rxe3 g6 16. Bxc6 bxc6 17. Ne4 Be7 18. Ne5 Bb7 19. Rc1 Rc8 20. Rh3+ Kg7
21. Qd2 Rh8 22. Qf4 f6 23. Rxh8 Qxh8 24. Nd7 g5 25. Qg3 Rd8 26. Nec5 Kf7 27.
Qe3 Bxc5 28. Nxc5 Bc8 29. Re1 Rd6 30. Qa3 a6 31. Qe3 Qd8 32. Qf3 Qa5 33. Qc3
Qxa2 34. Ne4 Rd8 35. Qxc6 Qa5 36. Rc1 Bd7 37. Qc7 Qxc7 38. Rxc7 Kg6 39. Nc5 Bb5
40. Nxe6 Rd6 41. Re7 Bc4 42. Nf8+ Kf5 43. h3 g4 44. hxg4+ Kxg4 45. f3+ Kg3 46.
Rg7+ Kf4 47. Kf2 Rxd4 48. Rd7 Rxd7 49. Nxd7 f5 50. g3+ Kg5 51. Ke3 Bd5 52. b4
Bc4 53. f4+ Kh5 54. Kd4 Bb5 55. Nf6+ Kg6 56. Ke5 Bd3 57. Nd5 Kh5 58. Ne3 Kg6
59. g4 fxg4 60. Nxg4 Kf7 61. f5 Ke7 62. f6+ Kf7 63. Nh6+ Kf8 64. Nf5 Bc4 65.
Nd6 Bb3 66. Kd4 Bd1 67. Kc5 Be2 68. Kb6 Bf1 69. Ne4 Kf7 70. Nc5 Kxf6 71. Nxa6
Ke7 72. Nc7 Kd7 73. Nd5 Kc8 74. Kc5 Kb7 75. Ne3 Be2 1/2-1/2

[Event "10. Lovsprings EMT Mesterklassen 1998"]
[Site "Ringsted"]
[Date "1998.05.29"]
[Round "7"]
[White "Flindt, Thomas"]
[Black "Kronow, Jacob"]
[Result "0-1"]
[WhiteElo "1882"]
[BlackElo "2044"]
[PlyCount "44"]
[EventDate "1998.??.??"]

1. e4 d5 2. exd5 Nf6 3. c4 c6 4. d4 cxd5 5. Nc3 e6 6. Nf3 Be7 7. Bd3 dxc4 8.
Bxc4 O-O 9. O-O Qc7 10. Qe2 a6 11. Bg5 b5 12. Bd3 Bb7 13. Rac1 Qb6 14. Ne4 Nd5
15. Bxe7 Nxe7 16. Nfg5 h6 17. Rc5 f5 18. Nd6 Qxd6 19. Nxe6 Rf6 20. Re1 Nbc6 21.
Bxf5 Nxf5 22. Rxf5 Rxf5 0-1

[Event "10. Lovsprings EMT Mesterklassen 1998"]
[Site "Ringsted"]
[Date "1998.05.29"]
[Round "7"]
[White "Foli, Karsten"]
[Black "Eddy, Samuel"]
[Result "0-1"]
[WhiteElo "1932"]
[BlackElo "1935"]
[PlyCount "128"]
[EventDate "1998.??.??"]

1. e4 c5 2. Nf3 e6 3. d4 cxd4 4. c3 Nf6 5. e5 Nd5 6. cxd4 b6 7. Nc3 Nxc3 8.
bxc3 Qc7 9. Be2 Qxc3+ 10. Bd2 Qa3 11. O-O Bb4 12. Ng5 Bb7 13. Rc1 Nc6 14. Bf3
Bxd2 15. Qxd2 d5 16. exd6 Qxd6 17. Rfe1 Rc8 18. Bxc6+ Rxc6 19. Ne4 Qd5 20. f3
O-O 21. Nc3 Qa5 22. Re5 Qb4 23. Rb5 Qd6 24. Rh5 Rd8 25. Nb5 Rxc1+ 26. Qxc1 Qe7
27. Nxa7 Bxf3 28. Nc8 Qd7 29. gxf3 Rxc8 30. Qe3 Qc6 31. a3 Qc2 32. Rb5 Qd1+ 33.
Kg2 Rc2+ 34. Kg3 Qf1 35. Rxb6 Rg2+ 36. Kf4 g5+ 37. Ke4 f5+ 38. Ke5 Re2 39. Qxe2
Qxe2+ 40. Kf6 Qxh2 41. Rxe6 Qh6+ 42. Kxf5 Qf8+ 43. Rf6 Qxa3 44. Kxg5 Qe7 45.
Kf5 Kg7 46. Re6 Qd7 47. Ke5 Qb5+ 48. d5 Qe2+ 49. Kf4 Qd2+ 50. Ke4 h5 51. Re5 h4
52. Rh5 Qe1+ 53. Kf5 Qg3 54. Rg5+ Qxg5+ 55. Kxg5 h3 56. Kf5 h2 57. Ke6 h1=Q 58.
d6 Qxf3 59. d7 Qe4+ 60. Kd6 Qd4+ 61. Kc7 Qc5+ 62. Kb7 Qd6 63. Kc8 Qc6+ 64. Kd8
Kf6 0-1

[Event "10. Lovsprings EMT Mesterklassen 1998"]
[Site "Ringsted"]
[Date "1998.05.29"]
[Round "7"]
[White "Haar, Bjarne"]
[Black "Pedersen, Henrik Dahl"]
[Result "1/2-1/2"]
[WhiteElo "1931"]
[BlackElo "1937"]
[PlyCount "91"]
[EventDate "1998.??.??"]

1. e4 e6 2. d4 d5 3. Nd2 Nf6 4. e5 Nfd7 5. Bd3 c5 6. c3 Nc6 7. Ne2 g5 8. O-O
Qb6 9. Qa4 Be7 10. Nf3 h6 11. Be3 c4 12. Bc2 Qxb2 13. Rab1 Qa3 14. Qxa3 Bxa3
15. h4 g4 16. Nh2 h5 17. Bg5 Be7 18. f4 Bxg5 19. fxg5 Nf8 20. Nf4 b6 21. g6
fxg6 22. Nxg6 Nxg6 23. Bxg6+ Kd8 24. Rf6 Bd7 25. Nf1 Kc7 26. Ng3 Rag8 27. Bxh5
Rg7 28. Rbf1 Nd8 29. R1f4 b5 30. Kf2 a5 31. a3 b4 32. cxb4 axb4 33. axb4 Nc6
34. Rxg4 Rxg4 35. Bxg4 Rxh4 36. Rf4 Nxb4 37. Kf3 Nd3 38. Rf7 Ne1+ 39. Kf4 Nxg2+
40. Kg5 Kd8 41. Rf2 Rh2 42. Nf1 Rh1 43. Bf3 Rh4 44. Bg4 Rh1 45. Bf3 Rh4 46. Bg4
1/2-1/2